DR ROY GEORGE (Record no. 60661)

MARC details
000 -LEADER
fixed length control field 00383nam a2200157Ia 4500
008 - FIXED-LENGTH DATA ELEMENTS--GENERAL INFORMATION
fixed length control field 221001s9999 xx 000 0 und d
041 ## - LANGUAGE CODE
Language code of text/sound track or separate title eng
082 ## - DEWEY DECIMAL CLASSIFICATION NUMBER
Classification number 610.73
100 ## - MAIN ENTRY--PERSONAL NAME
Personal name COMMUNITY HEALTH NURSING MANUAL
9 (RLIN) 96243
245 ## - TITLE STATEMENT
Title DR ROY GEORGE
250 ## - EDITION STATEMENT
Edition statement FOURTH
260 ## - PUBLICATION, DISTRIBUTION, ETC. (IMPRINT)
Place of publication, distribution, etc. MUMBAI
Name of publisher, distributor, etc. TNAI
Date of publication, distribution, etc. 2021
300 ## - PHYSICAL DESCRIPTION
Extent 632
500 ## - GENERAL NOTE
Keywords CHN
650 ## - SUBJECT ADDED ENTRY--TOPICAL TERM
Topical term or geographic name as entry element COMMUNITY HEALTH NURSING
9 (RLIN) 181701
Holdings
Withdrawn status Lost status Damaged status Not for loan Home library Current library Date acquired Cost, normal purchase price Total Checkouts Full call number Barcode Date last seen Date last checked out Bill Date Koha item type Original Barcode
        Sitabai Nargundkar College of Nursing Nagpur Sitabai Nargundkar College of Nursing Nagpur 28/07/2022 850.00 1 610.73 SNCN-DB-87 13/06/2024 25/01/2024 01/10/2022 Donated Book 87